Metallica - Kompozycje Dave'a Mustaine'a - Statystyki

Ogólne statystyki
  • Ten quiz został rozwiązany 48 razy
  • Średni wynik to 3 z 6
Statystyki odpowiedzi
Album Odpowiedź % Poprawnych
Ride The Lightning Ride The Lightning
95%
Kill Em All Metal Militia
58%
Kill Em All Four Horsemen/Mechanix
53%
Kill Em All Jump In The Fire
45%
Kill Em All Phantom Lord
40%
Ride The Lightning Call Of Ktulu
30%
Nie znaleziono quizów pasujących do podanych kryteriów
Rozkład punktacji
Procent ludzi z każdym wynikiem
Percentyl według liczby udzielonych odpowiedzi
Twoja historia wyników
Nie rozwiązałeś tego quizu